<?xml version="1.0" encoding="UTF-8"?>
<collection xmlns="http://www.loc.gov/MARC21/slim">
 <record>
  <leader>01638nam a2200193Ia 4500</leader>
  <controlfield tag="001">CTU_41856</controlfield>
  <controlfield tag="008">210402s9999    xx            000 0 und d</controlfield>
  <datafield tag="020" ind1=" " ind2=" ">
   <subfield code="c">120000</subfield>
  </datafield>
  <datafield tag="082" ind1=" " ind2=" ">
   <subfield code="a">332.642</subfield>
  </datafield>
  <datafield tag="082" ind1=" " ind2=" ">
   <subfield code="b">Th300</subfield>
  </datafield>
  <datafield tag="245" ind1=" " ind2="0">
   <subfield code="a">Thị trường chứng khoán :</subfield>
  </datafield>
  <datafield tag="245" ind1=" " ind2="0">
   <subfield code="b">Phân tích và chiến lược</subfield>
  </datafield>
  <datafield tag="245" ind1=" " ind2="0">
   <subfield code="c">Noly Trần Hồ</subfield>
  </datafield>
  <datafield tag="260" ind1=" " ind2=" ">
   <subfield code="a">Hà Nội</subfield>
  </datafield>
  <datafield tag="260" ind1=" " ind2=" ">
   <subfield code="b">Thống Kê</subfield>
  </datafield>
  <datafield tag="260" ind1=" " ind2=" ">
   <subfield code="c">2001</subfield>
  </datafield>
  <datafield tag="520" ind1=" " ind2=" ">
   <subfield code="a">Sách cung cấp các thông tin cụ thể về thị trường chứng khoán bao gồm các tính chất cơ bản của trái phiếu, các laọi nhà phst hành, tầm quan trọng của các kỳ hạn có đáo hạn của trái phiếu, các trái phiếu có lãi suất thả nổi và lãi suất thả nổi biến đổi ngược chiều. Thế nào là một trái phiếu có option và tác động của một option đối với lưu lượng tiền mặt của một trái phiếu, các loại option khác nhau. Sách cũng cung cấp các thông tin về trái phiếu có chuyển đổi, các loại rủi ro mà các nhà đầu tư vào trái phiếu có lợi nhuận cố định phải đương đầu và các phương thức khác nhau nhằm phân loại những đổi mới về chính sách tài chính</subfield>
  </datafield>
  <datafield tag="650" ind1=" " ind2=" ">
   <subfield code="a">investment banking,securities,securities,security market,stock exchanges,bank marketing,banks and banking - securities processing</subfield>
  </datafield>
  <datafield tag="980" ind1=" " ind2=" ">
   <subfield code="a">Trung tâm Học liệu Trường Đại học Cần Thơ</subfield>
  </datafield>
 </record>
</collection>
